Five Closest Countries by Territory #1 - Statistics

General Stats
  • This quiz has been taken 534 times
    496 since last reset
  • The average score is 30 of 40
Answer Stats
Territory Country % Correct
Bermuda United States
99%
Greenland Canada
98%
Bermuda Canada
98%
Greenland Iceland
96%
Sicily Italy
94%
French Guiana Brazil
93%
French Guiana Suriname
92%
Greenland United Kingdom
92%
Greenland Norway
90%
Sicily Malta
88%
Ceuta Algeria
87%
Ceuta Spain
87%
Sicily Tunisia
87%
French Guiana Venezuela
87%
Ceuta Morocco
84%
French Guiana Guyana
83%
Sicily Libya
80%
Ceuta Portugal
80%
Greenland Russia
80%
Sicily Greece
79%
Bermuda Bahamas
76%
French Guiana Trinidad
76%
Réunion Madagascar
70%
Bermuda Haiti
67%
Akrotiri Cyprus
66%
Bermuda Dominican Republic
65%
Réunion Mauritius
65%
Akrotiri Turkey
65%
Guam Palau
62%
Guam Philippines
62%
Réunion Comoros
61%
Guam Indonesia
61%
Guam Micronesia
61%
Réunion Mozambique
61%
Akrotiri Israel
58%
Akrotiri Lebanon
57%
Akrotiri Syria
55%
Réunion Tanzania
55%
Guam PNG
53%
Ceuta Andorra
51%
No matching quizzes found
Score Distribution
Percent of People with Each Score
Percentile by Number Answered
Your Score History
You have not taken this quiz since the last reset